000 00781nas a2200241 4500
001 BR8000637
003 BR-BrBNA
005 20231205084116.0
007 ta
008 230509b bl.|||p| |||| 00| 00por d
040 _aBR-BrBNA
_bpor
_cBiblioteca Nacional de Agricultura
041 _a(Pt)
072 _aF70
100 1 _aVittimo, I. de
245 1 _aContribuicao ao conhecimento da distribuicao geografica das Lauraceae, 3
246 1 _a[Contribution to the knowledge of the Lauraceae, 3, Geographic distribution]
650 _aTaxonomia vegetal
650 _aLauraceae
650 _aDistribuicao geografica
773 0 _tRodriguesia (Brazil)
_xISSN 0370-6583
_g(1979), v. 31(48) p. 7-57
_wBR8000637
909 _a202311
_bLúcia
_c55
_dLúcia Elande
942 _2AGRIS
_n0
_cANA
999 _c103191
_d103191